000 00971cam a2200265 4500
001 ##L132160
008 060116n2005 000 0 eng u
020 _a1860818846
035 _a(Sirsi) u132160
041 0 _aeng
050 0 4 _a694.01 $2 18
100 1 _aSuttie, E. D.
245 0 0 _aIncising UK-grown Sitka spruce
260 _aWatford
_bBRE
_c2005
300 _a12p.
_bill
_c30cm.
490 0 _aBRE Information Paper
_v IP 13/05
520 _aLooks at some of the advantages and disadvantages of incising timber, concluding that this practice could benefit those producing, working with or specifying treated wood. Evidence to support this claim is gathering from field trials and laboratory tests.
590 _aIKA170106
650 2 4 _aBS 8417: 2003
650 2 4 _aBS EN 351: 1996
690 _aBUILT ENVIRONMENT-BUILDING MATERIALS-TIMBER-TIMBER AND WOOD
710 2 _aForestry Commission
_9804
710 2 _aScottish Enterprise
_92731
942 _n0
999 _c105043
_d105043